000 00398nam a22001817a 4500
003 OSt
005 20210920145211.0
008 210920b |||||||| |||| 00| 0 eng d
020 _a0070719187
040 _cHU
082 _a150/WOR
100 _aCAMILLE B. WORTMAN
_95158
245 _aPSYCHOLOGY
250 _a4TH
260 _aNEW YORK
_bHILL
_c1992
300 _a623P
942 _2ddc
_cBOOKS
_n0
999 _c5107
_d5107